[Event "50th World Juniors"]
[Site "Chennai IND"]
[Date "2011.08.05"]
[Round "4.36"]
[White "Zulfic, Fedja"]
[Black "Kunal, M."]
[Result "1/2-1/2"]
[WhiteElo "2098"]
[BlackElo "2298"]
[WhiteFideId "3208427"]
[BlackFideId "5018250"]
[EventDate "2011.08.02"]

1. d4 Nf6 2. c4 e6 3. Nc3 Bb4 4. a3 Bxc3+ 5. bxc3 d5 6. e3 c5 7. cxd5 exd5 8.
Bd3 Qc7 9. Ne2 O-O 10. f3 b6 11. O-O Ba6 12. Ng3 Bxd3 13. Qxd3 Nc6 14. Ra2 Na5
15. Re2 Rac8 16. e4 cxd4 17. cxd4 Qc4 18. Qd1 Qb3 19. Qe1 Qc3 20. Qf2 dxe4 21.
fxe4 Ng4 22. Qf4 Qxd4+ 23. Kh1 Qc5 24. Bb2 h5 25. Nf5 f6 26. h3 Ne5 27. Qg3 Qc7
28. Rc1 Qd7 29. Rxc8 Rxc8 30. Bxe5 fxe5 31. Rf2 Rc6 32. Qg5 Rf6 33. Qxh5 Nc4 34.
Qg4 Kh7 35. Qh5+ Kg8 36. Qg4 Kh7 37. Qh5+ Kg8 38. Qg4 Qb7 39. Nxg7 Ne3 40. Qg5
Rxf2 41. Nf5+ Kh7 42. Qh4+ Kg8 43. Qxf2 Nxf5 44. Qxf5 Qe7 45. a4 Qe8 46. h4 Qe7
47. g3 a5 48. Qg6+ Kh8 49. Qxb6 Qb4 50. Qc6 Qe1+ 51. Kh2 Qf2+ 52. Kh3 Qf1+ 53.
Kg4 Qe2+ 54. Kf5 Qf3+ 55. Kxe5 Qxg3+ 56. Kf5 Qf3+ 57. Ke6 Qh3+ 58. Kf7 Qb3+ 59.
Qe6 Qb7+ 60. Kg6 Qh7+ 61. Kg5 Qg6+ 62. Kxg6 1/2-1/2

[Event "50th World Juniors"]
[Site "Chennai IND"]
[Date "2011.08.05"]
[Round "4.38"]
[White "Lim, Zhuo Ren"]
[Black "Shyam, Sundar M."]
[Result "0-1"]
[BlackTitle "IM"]
[WhiteElo "2155"]
[BlackElo "2478"]
[WhiteFideId "5702488"]
[BlackFideId "5019141"]
[EventDate "2011.08.02"]

1. d4 Nf6 2. c4 g6 3. Nc3 Bg7 4. e4 d6 5. Nf3 O-O 6. h3 e5 7. d5 a5 8. Be3 Na6
9. g4 Nc5 10. Nd2 Bd7 11. Be2 Ne8 12. Nf1 c6 13. h4 cxd5 14. cxd5 a4 15. Ng3 Qa5
16. Bd2 Qb6 17. O-O Qd8 18. Kg2 Nc7 19. h5 b5 20. hxg6 fxg6 21. Qc1 Rc8 22. Bh6
Bxh6 23. Qxh6 Qf6 24. f3 b4 25. Rh1 Qf7 26. Nd1 Nd3 27. Ne3 Nf4+ 28. Kf2 Nb5 29.
Raf1 a3 30. bxa3 Rc3 31. Qg5 Nd4 32. Ngf5 Bxf5 33. Nxf5 Nxf5 34. gxf5 Qa7+ 35.
Kg3 Nxe2+ 36. Kg4 Qg7 37. Rf2 gxf5+ 38. Kh4 Qxg5+ 39. Kxg5 Nd4 40. axb4 fxe4 0-1

[Event "50th World Juniors"]
[Site "Chennai IND"]
[Date "2011.08.05"]
[Round "4.39"]
[White "Sidhant, Mohapatra"]
[Black "Sochacki, Wojtek"]
[Result "1/2-1/2"]
[BlackTitle "FM"]
[WhiteElo "2155"]
[BlackElo "2316"]
[WhiteFideId "5028698"]
[BlackFideId "651389"]
[EventDate "2011.08.02"]

1. d4 d5 2. Nc3 e6 3. e4 Nf6 4. Bg5 Be7 5. e5 Nfd7 6. h4 Nc6 7. f4 h6 8. Bxe7
Qxe7 9. a3 Nb6 10. Nf3 Bd7 11. Bd3 O-O-O 12. Qd2 Kb8 13. O-O-O Na5 14. Nxd5 Nxd5
15. Qxa5 Nxf4 16. Qd2 Nxd3+ 17. Qxd3 Bc6 18. Qe3 Bd5 19. Rhf1 Rc8 20. g3 c5 21.
Rf2 c4 22. c3 a5 23. Nd2 Rc7 24. Ne4 Rf8 25. Qf4 b5 26. Nd6 b4 27. Kd2 f5 28. h5
Rb7 29. axb4 axb4 30. Nxb7 Qxb7 31. Qe3 Be4 32. Ra1 Bd3 33. Qe1 f4 34. gxf4 Kc7
35. Ra4 bxc3+ 36. bxc3 Rf5 37. Qa1 Rxf4 38. Re2 Qf3 39. Rxc4+ Bxc4 40. Qa5+ Kd7
41. Qa7+ Kd8 42. Qb8+ Kd7 43. Qa7+ Kd8 44. Qb8+ 1/2-1/2

[Event "50th World Juniors"]
[Site "Chennai IND"]
[Date "2011.08.05"]
[Round "4.40"]
[White "Rojas Alarcon, Julian Antonio"]
[Black "Karma, Pandya"]
[Result "1-0"]
[WhiteTitle "FM"]
[WhiteElo "2291"]
[BlackElo "2136"]
[WhiteFideId "5107407"]
[BlackFideId "5030331"]
[EventDate "2011.08.02"]

1. d4 e6 2. c4 Nf6 3. Nf3 b6 4. g3 Ba6 5. Qc2 Bb7 6. Bg2 c5 7. d5 exd5 8. cxd5
Bxd5 9. Nc3 Bc6 10. e4 d6 11. Bf4 Nh5 12. O-O-O Nxf4 13. gxf4 Na6 14. e5 Nb4 15.
Qe2 d5 16. a3 a5 17. axb4 axb4 18. Nb5 Be7 19. Nd6+ Kf8 20. h4 d4 21. Ng5 Bxg5
22. Bxc6 Bxf4+ 23. Kc2 Ra7 24. Ra1 Qc7 25. Qe4 c4 26. Qxf4 b3+ 27. Kd2 c3+ 28.
Ke2 d3+ 29. Kxd3 1-0

[Event "50th World Juniors"]
[Site "Chennai IND"]
[Date "2011.08.05"]
[Round "4.41"]
[White "Prince, Bajaj"]
[Black "Kozganbayev, Erken"]
[Result "1-0"]
[WhiteTitle "CM"]
[WhiteElo "2146"]
[BlackElo "2284"]
[WhiteFideId "5045150"]
[BlackFideId "13703773"]
[EventDate "2011.08.02"]

1. e4 e5 2. Nf3 Nc6 3. Bb5 a6 4. Ba4 Nf6 5. O-O Be7 6. Re1 b5 7. Bb3 d6 8. c3
O-O 9. h3 Nb8 10. d4 Nbd7 11. Nbd2 Bb7 12. Bc2 Re8 13. Nf1 Bf8 14. Ng3 g6 15. a4
c5 16. d5 c4 17. Bg5 h6 18. Be3 Qc7 19. Qd2 Kh7 20. Nh2 Bg7 21. Rf1 h5 22. Nf3
Nc5 23. Ng5+ Kg8 24. f4 h4 25. Ne2 exf4 26. Rxf4 Re5 27. Bd4 Rxg5 28. Bxf6 Bxf6
29. Rxf6 Re5 30. Raf1 Nxe4 31. Bxe4 Rxe4 32. Qh6 Rxe2 33. Rxf7 Qxf7 34. Rxf7
Kxf7 35. Qh7+ Kf6 36. Qxb7 Rae8 37. Qxa6 Re1+ 38. Kh2 Rf1 39. Qxd6+ Kg5 40. Qd7
Ree1 41. Qg4+ Kf6 42. Qxh4+ Ke5 43. Qd4+ 1-0

[Event "50th World Juniors"]
[Site "Chennai IND"]
[Date "2011.08.05"]
[Round "4.42"]
[White "Botta, Gabriele"]
[Black "Jefic, Srdjan"]
[Result "1-0"]
[WhiteTitle "FM"]
[WhiteElo "2261"]
[BlackElo "2143"]
[WhiteFideId "1312120"]
[BlackFideId "14403080"]
[EventDate "2011.08.02"]

1. e4 c5 2. Nf3 e6 3. c3 d5 4. exd5 exd5 5. d4 Nf6 6. Be2 Bd6 7. dxc5 Bxc5 8.
O-O O-O 9. Bg5 Be6 10. Nbd2 Nc6 11. Nb3 Be7 12. Nbd4 h6 13. Bh4 g5 14. Bg3 Ne4
15. Bd3 Nxg3 16. hxg3 Bg4 17. Bb1 Qd6 18. Qd3 f5 19. Nh2 Nxd4 20. Nxg4 Nc6 21.
Ne3 Ne5 22. Qc2 Rf7 23. Nxf5 Qe6 24. Nxe7+ Qxe7 25. Qd2 Rd8 26. Bd3 Kg7 27. Rae1
Qf6 28. Be2 d4 29. cxd4 Rxd4 30. Qc3 Rd6 31. Bh5 Ng6 32. Qc8 Rd8 33. Qc4 Rd6 34.
Re8 Rc6 35. Qd3 Rd6 36. Qe4 a6 37. b3 Rc6 38. f3 Rd6 39. Kh2 Qf5 40. Qb4 Re6 41.
Bg4 Rxe8 42. Bxf5 Rxf5 43. Qxb7+ Re7 44. Qxa6 g4 45. fxg4 1-0

[Event "50th World Juniors"]
[Site "Chennai IND"]
[Date "2011.08.05"]
[Round "4.43"]
[White "Hemant, Sharma"]
[Black "Mastalerz, Xavier"]
[Result "1/2-1/2"]
[WhiteElo "2247"]
[BlackElo "2129"]
[WhiteFideId "5025842"]
[BlackFideId "208310"]
[EventDate "2011.08.02"]

1. e4 e6 2. d4 d5 3. Nc3 Nf6 4. e5 Nfd7 5. f4 c5 6. Nf3 Nc6 7. Be3 Be7 8. Qd2
O-O 9. dxc5 Bxc5 10. O-O-O Qa5 11. Bxc5 Nxc5 12. Kb1 Bd7 13. Bd3 Nb4 14. Nd4
Rfc8 15. a3 Ncxd3 16. cxd3 Qb6 17. Nce2 Nc6 18. Qe3 Na5 19. Qd2 Nc6 20. Qe3 Na5
21. Qd2 Nc6 1/2-1/2

[Event "50th World Juniors"]
[Site "Chennai IND"]
[Date "2011.08.05"]
[Round "4.46"]
[White "Gireman, Ja"]
[Black "Gagare, Shardul"]
[Result "1-0"]
[BlackTitle "FM"]
[WhiteElo "2084"]
[BlackElo "2223"]
[WhiteFideId "5043794"]
[BlackFideId "5037883"]
[EventDate "2011.08.02"]

1. e4 c5 2. Nf3 g6 3. h4 h5 4. d4 cxd4 5. Bc4 Bg7 6. O-O Nc6 7. c3 dxc3 8. Nxc3
Nf6 9. Bf4 O-O 10. e5 Ng4 11. Re1 e6 12. Nb5 f6 13. exf6 Qxf6 14. Bg3 d5 15. Bb3
Bd7 16. Nc3 Kh8 17. Qd2 Rad8 18. Rad1 Bc8 19. Rb1 Nd4 20. Bd1 Nc6 21. Ba4 Rf7
22. Ng5 Rff8 23. Nf3 Nd4 24. Bd1 Nf5 25. Bf4 Qe7 26. g3 Qc5 27. Na4 Qe7 28. Bc2
Bd7 29. Nc3 Bc6 30. Bg5 Bf6 31. Ne2 d4 32. Nf4 Qf7 33. Bxf6+ Qxf6 34. Rxe6 Bxf3
35. Nxg6+ Kg8 36. Rxf6 Rxf6 37. Bxf5 d3 38. Bxg4 hxg4 39. Ne5 Rf5 40. Nxf3 gxf3
41. Rc1 Re5 42. Rc7 1-0

[Event "50th World Juniors"]
[Site "Chennai IND"]
[Date "2011.08.05"]
[Round "4.47"]
[White "Dusthageer, Ibrahim M."]
[Black "Lokesh, N."]
[Result "1/2-1/2"]
[WhiteElo "2212"]
[BlackElo "2090"]
[WhiteFideId "5028515"]
[BlackFideId "5025044"]
[EventDate "2011.08.02"]

1. e4 e5 2. Nf3 Nf6 3. Nxe5 d6 4. Nf3 Nxe4 5. Nc3 Nxc3 6. dxc3 Be7 7. Bf4 Be6 8.
Qd2 Nc6 9. O-O-O Qd7 10. Nd4 Nxd4 11. cxd4 d5 12. f3 Bd6 13. g4 O-O-O 14. Rg1
Bxf4 15. Qxf4 Qd6 16. Qd2 h5 17. h3 hxg4 18. fxg4 Rde8 19. Qf2 Rh6 20. Rg3 Rf6
21. Rf3 Rxf3 22. Qxf3 Qe7 23. Bd3 Qg5+ 24. Kb1 Rh8 25. a3 Rh6 26. Re1 Rf6 27.
Qg3 Qf4 28. Qh4 Qh6 29. Qxh6 Rxh6 30. Re3 Kd7 31. Be2 f5 32. Re5 g6 33. Bd3 Rxh3
34. gxf5 gxf5 35. Bxf5 Bxf5 36. Rxf5 Ke6 37. Rg5 Rh6 38. Ka2 Kd6 39. Rg7 Kc6 40.
b4 a6 41. Kb3 b5 42. c3 Kb6 43. Rg8 c6 44. a4 bxa4+ 45. Kxa4 Rh3 46. Kb3 Rf3 1/2-1/2

[Event "50th World Juniors"]
[Site "Chennai IND"]
[Date "2011.08.05"]
[Round "4.48"]
[White "Praneeth, Surya"]
[Black "Kathmale, Sameer"]
[Result "1/2-1/2"]
[WhiteElo "2036"]
[BlackElo "2211"]
[WhiteFideId "5091411"]
[BlackFideId "5024498"]
[EventDate "2011.08.02"]

1. e4 c6 2. d4 d5 3. exd5 cxd5 4. c4 Nf6 5. Nc3 g6 6. Qb3 Bg7 7. cxd5 O-O 8. Bd3
Na6 9. Nf3 Nc7 10. O-O Ncxd5 11. Re1 b6 12. Bg5 Bb7 13. Ne5 Rc8 14. Bc4 e6 15.
Bxd5 exd5 16. Ng4 h5 17. Nxf6+ Bxf6 18. Bxf6 Qxf6 19. Re5 Rc4 20. Nxd5 Bxd5 21.
Rxd5 Rfc8 22. g3 h4 23. Qe3 h3 24. Re5 Qc6 25. d5 Rc1+ 26. Rxc1 Qxc1+ 27. Qe1
Qxb2 28. Re8+ Rxe8 29. Qxe8+ Kg7 30. Qe1 Qd4 31. Qf1 Qxd5 32. Qxh3 Qxa2 33. Qg4
Qa1+ 34. Kg2 a5 35. h4 Qe5 36. Qa4 Qd5+ 37. Kg1 Qc5 38. Qa1+ Kg8 39. Qa4 Kf8 40.
Qe4 Qb5 41. Qd4 a4 42. g4 Qc6 43. h5 gxh5 44. gxh5 a3 45. h6 Qg6+ 46. Kf1 Kg8
47. Qa1 Qd3+ 48. Kg1 Qg6+ 49. Kf1 Qd3+ 50. Kg1 f6 51. Qxf6 Qb1+ 52. Kh2 Qb2 53.
Qg6+ Kh8 54. Qf7 b5 55. h7 Qg7 56. Qe8+ Kxh7 57. Qe4+ Kg8 58. Qd5+ Qf7 59. Qg5+
Kh8 60. Qd8+ Kg7 61. Qg5+ Kh7 62. Qh4+ Kg6 63. Qg3+ Kh6 64. Qe3+ Kg7 65. Qg3+
Kh8 66. Qc3+ Kg8 67. Qg3+ Kh7 68. Qh3+ Kg6 69. Qg3+ Kf5 70. Qf3+ Kg6 71. Qg3+
Kh6 72. Qe3+ Kg7 73. Qg3+ Kh8 74. Qe3 Qg7 75. Qxa3 Qc7+ 76. Kg2 Qb7+ 77. Kf1 b4
78. Qb3 1/2-1/2

[Event "50th World Juniors"]
[Site "Chennai IND"]
[Date "2011.08.05"]
[Round "4.49"]
[White "Yohan, J."]
[Black "Lokesh, P."]
[Result "1/2-1/2"]
[WhiteElo "2017"]
[BlackElo "2194"]
[WhiteFideId "5058589"]
[BlackFideId "5023157"]
[EventDate "2011.08.02"]

1. e4 c5 2. Nf3 d6 3. d4 cxd4 4. Nxd4 Nf6 5. f3 a6 6. c4 e6 7. Nc3 Be7 8. Be3
O-O 9. Be2 b6 10. O-O Bb7 11. Qe1 Nbd7 12. Qf2 Rc8 13. Rac1 Qc7 14. Rfd1 Rfd8
15. b3 Qb8 16. Bf1 Qa8 17. g4 Ne5 18. h3 Nfd7 19. f4 Nc6 20. Nde2 Nc5 21. Bg2
Nb4 22. Bxc5 bxc5 23. g5 Nc6 24. h4 Nd4 25. Nxd4 cxd4 26. Na4 Qb8 27. Qxd4 Bc6
28. Nb2 Qb7 29. Nd3 Rd7 30. Qe3 a5 31. Qe2 Qa7+ 32. Kh1 Rdc7 33. f5 exf5 34.
exf5 Bxg2+ 35. Kxg2 Qd4 36. Kh3 Bf8 37. Nb4 Qc5 38. Nd5 Rb7 39. Rc3 Rb4 40. Re3
a4 41. h5 axb3 42. axb3 Kh8 43. Rg1 Rxb3 44. Rgg3 Rbb8 45. Rg4 Qa7 46. Rge4 Qa1
47. Qg2 Qc1 48. Re1 Qa3+ 49. Qg3 Qa2 50. R1e2 Qa1 51. Qg2 Qc1 52. Rc2 Qd1 53.
Rce2 Qc1 54. Rc2 Qd1 55. Rce2 1/2-1/2

[Event "50th World Juniors"]
[Site "Chennai IND"]
[Date "2011.08.05"]
[Round "4.50"]
[White "Gahan, M.G."]
[Black "Santos, Hugo Lima"]
[Result "1-0"]
[WhiteElo "2188"]
[BlackElo "2078"]
[WhiteFideId "5027373"]
[BlackFideId "1913026"]
[EventDate "2011.08.02"]

1. e4 e6 2. b3 c5 3. Bb2 Nc6 4. Nf3 d6 5. d4 cxd4 6. Nxd4 Bd7 7. g3 Nf6 8. Bg2
a6 9. O-O Be7 10. c4 O-O 11. Kh1 Nxd4 12. Qxd4 e5 13. Qd3 b5 14. Nc3 Qb6 15. f4
bxc4 16. Qxc4 Rac8 17. Qd3 exf4 18. gxf4 Bc6 19. Qh3 Bb7 20. e5 dxe5 21. fxe5
Rxc3 22. Bxc3 Ne4 23. Rae1 Qg6 24. Rf4 Ng5 25. Qg3 Bc8 26. h4 Qh6 27. Rc4 Ne6
28. Qe3 Bg5 29. Qg3 Bf4 30. Qf2 Kh8 31. Rf1 Be3 32. Qxf7 g6 33. Qe7 Rxf1+ 34.
Bxf1 1-0

[Event "50th World Juniors"]
[Site "Chennai IND"]
[Date "2011.08.05"]
[Round "4.51"]
[White "Surendran, N."]
[Black "Prasannaa, S"]
[Result "1-0"]
[WhiteElo "2187"]
[BlackElo "2032"]
[WhiteFideId "5021243"]
[BlackFideId "5068878"]
[EventDate "2011.08.02"]

1. d4 Nf6 2. Nf3 c5 3. e3 g6 4. c3 Bg7 5. Nbd2 d6 6. Bc4 O-O 7. O-O Nbd7 8. e4
e5 9. dxe5 dxe5 10. Qe2 Qc7 11. Rd1 Nb6 12. b3 Nh5 13. a4 Nf4 14. Qf1 Rd8 15.
Ba3 Nxc4 16. Nxc4 Bg4 17. Ne3 Bxf3 18. gxf3 Qe7 19. Kh1 b6 20. Ra2 Qh4 21. Rad2
Rxd2 22. Rxd2 Rd8 23. Bc1 Rxd2 24. Bxd2 Qd8 25. Nc4 Bh6 26. Be3 f6 27. Nb2 Qd7
28. Bxf4 Bxf4 29. Kg2 Qd2 30. Qc4+ Kg7 31. Nd3 Be3 32. Qd5 Kh6 33. Qd6 Bg5 34.
c4 Qc3 35. Kg1 Qa1+ 36. Kg2 Qd1 37. Nxe5 Qxd6 38. Nf7+ Kg7 39. Nxd6 Bf4 40. Nb5
a6 41. Nc3 Bc7 42. Nd5 Bd8 43. Kg3 Kf7 44. Kg4 Ke6 45. f4 a5 46. Ne3 h5+ 47. Kg3
Bc7 48. Kf3 Bd8 49. f5+ gxf5 50. Nxf5 Bc7 51. h3 Kf7 52. Ne3 Kg6 53. Nd5 Bd8 54.
Kf4 Kg7 55. Kf5 Kf7 56. f3 h4 57. f4 Kg7 58. Ke6 1-0

[Event "50th World Juniors"]
[Site "Chennai IND"]
[Date "2011.08.05"]
[Round "4.52"]
[White "Krishna, Prasad K.C."]
[Black "Yashas, D."]
[Result "0-1"]
[WhiteElo "2027"]
[BlackElo "2184"]
[WhiteFideId "5020239"]
[BlackFideId "5030196"]
[EventDate "2011.08.02"]

1. e4 d5 2. exd5 Nf6 3. Bb5+ Bd7 4. Bxd7+ Qxd7 5. c4 c6 6. dxc6 Nxc6 7. Nf3 e5
8. O-O e4 9. Ne1 O-O-O 10. Nc3 Qf5 11. Nc2 Bd6 12. Ne3 Qe5 13. g3 Nd4 14. d3 h5
15. dxe4 Bc5 16. Ned5 Nxe4 17. Bf4 Qe6 18. Qd3 Nxc3 19. bxc3 Ne2+ 20. Kh1 h4 21.
Rae1 hxg3 22. Bxg3 Rde8 23. Qf3 g5 24. Nc7 Nxg3+ 25. fxg3 Qxe1 26. Qf5+ Kb8 27.
Nxe8 Qxg3 28. Rf2 Rxh2+ 0-1

[Event "50th World Juniors"]
[Site "Chennai IND"]
[Date "2011.08.05"]
[Round "4.54"]
[White "Benitez Lozano, Javier"]
[Black "Vasli, Aref"]
[Result "1-0"]
[WhiteElo "1994"]
[BlackElo "2181"]
[WhiteFideId "5102472"]
[BlackFideId "417521"]
[EventDate "2011.08.02"]

1. e4 e5 2. Nf3 Nc6 3. Bc4 Bc5 4. c3 Nf6 5. d3 a6 6. O-O Ba7 7. Nbd2 d6 8. Bb3
O-O 9. Nc4 Be6 10. Re1 Bxc4 11. Bxc4 Na5 12. Bb3 Nxb3 13. Qxb3 Qd7 14. Bg5 Ng4
15. d4 h6 16. Bh4 exd4 17. cxd4 g5 18. Bg3 Nf6 19. e5 dxe5 20. Bxe5 Nd5 21. Bg3
f6 22. Qxb7 h5 23. h3 h4 24. Bh2 Rfb8 25. Qxa6 Rxb2 26. Qd3 Qf7 27. g3 hxg3 28.
Bxg3 Bb6 29. a3 Kg7 30. h4 g4 31. Nd2 Ba5 32. Nc4 Bxe1 33. Nxb2 Bc3 34. Rb1 Rxa3
35. Nc4 Ra2 36. Qf5 Qg6 37. Qd7+ Qf7 38. Qxg4+ Qg6 39. Qd7+ Qf7 40. Qc8 Ne7 41.
Qxc7 Bxd4 42. Rb7 Re2 43. Ne5 Bxe5 44. Qxe7 Qxe7 45. Rxe7+ Kf8 46. Rb7 Bxg3 47.
fxg3 Rc2 48. Rb4 Kf7 49. Rf4 Kg6 50. Rf2 Rc3 51. Kg2 Ra3 52. g4 Rc3 53. Rf3 Rc2+
54. Kg3 Rc4 55. h5+ Kg7 56. Ra3 Kh6 57. Ra7 Rc1 58. Rb7 Rg1+ 59. Kf4 Rf1+ 60.
Ke4 Rg1 61. Kf4 Rf1+ 62. Kg3 Rg1+ 63. Kf3 Rf1+ 64. Kg2 Rf4 65. Kg3 Rf1 66. Rf7
Rg1+ 67. Kf4 Rf1+ 68. Ke4 Rf2 69. Ra7 Rf1 70. Ra8 Rf2 71. Rg8 Kh7 72. Rg6 Rf1
73. Kd5 Rf4 74. Ke6 Kh8 75. Kf7 Kh7 76. Rg7+ Kh8 77. Rg8+ Kh7 78. Rg6 Rb4 79.
Kxf6 Rb6+ 80. Kg5 Rb5+ 81. Kh4 Rc5 82. Ra6 Rb5 83. Ra7+ Kh8 84. h6 Rc5 85. g5
Rc1 86. Kh5 Rc8 87. Rb7 Ra8 88. g6 Ra5+ 1-0

[Event "50th World Juniors"]
[Site "Chennai IND"]
[Date "2011.08.05"]
[Round "4.55"]
[White "Mithil, Ajgaonkar"]
[Black "Aaron, Deepak"]
[Result "0-1"]
[WhiteElo "2130"]
[BlackElo "2288"]
[WhiteFideId "5017343"]
[BlackFideId "2009412"]
[EventDate "2011.08.02"]

1. d4 d5 2. c4 c6 3. Nf3 Nf6 4. Nc3 a6 5. e3 b5 6. b3 Bg4 7. Be2 e6 8. O-O Bd6
9. Qc2 O-O 10. a3 Nbd7 11. e4 Bxf3 12. Bxf3 e5 13. exd5 exd4 14. Ne4 d3 15. Qxd3
Ne5 16. Qd4 Nxf3+ 17. gxf3 Nxe4 18. fxe4 Qh4 19. f4 cxd5 20. e5 Be7 21. cxd5
Rac8 22. d6 Qg4+ 23. Kh1 Bh4 24. Bb2 Qh5 25. Rac1 Rxc1 26. Bxc1 Qe2 27. Qd1 Qe4+
28. Qf3 Qf5 29. Rd1 Rc8 30. d7 Rd8 31. Qd3 Qe6 32. Be3 Qh6 33. f5 Qh5 34. Bf4
Rxd7 35. Qxd7 Qf3+ 36. Kg1 Bf2+ 37. Kf1 0-1

[Event "50th World Juniors"]
[Site "Chennai IND"]
[Date "2011.08.05"]
[Round "4.56"]
[White "Pradeep, Kumar R.A."]
[Black "Kourkoulos-Arditis, Stamatis"]
[Result "1-0"]
[WhiteElo "2245"]
[BlackElo "2123"]
[WhiteFideId "5023181"]
[BlackFideId "4221990"]
[EventDate "2011.08.02"]

1. Nf3 Nf6 2. d4 e6 3. g3 b6 4. Bg2 Bb7 5. O-O Be7 6. c4 O-O 7. Nc3 d5 8. Ne5 c6
9. e4 dxe4 10. Nxe4 Nxe4 11. Bxe4 f6 12. Ng6 Re8 13. Nf4 Qd7 14. Re1 f5 15. Bc2
Bf6 16. Rxe6 Bxd4 17. Rxe8+ Qxe8 18. Bxf5 c5 19. Nd5 Nc6 20. Bf4 Ne5 21. Qe2 Qf7
22. Bxe5 Re8 23. Bxh7+ Kh8 24. Nf4 Rxe5 25. Qc2 Qe8 26. Kf1 Be4 27. Bxe4 Rxe4
28. Rd1 g5 29. Nd5 Qe6 30. Qd2 Qf5 31. Re1 Qf3 32. Rxe4 Qh1+ 33. Ke2 Qxe4+ 34.
Ne3 Bxe3 35. Qxe3 Qxc4+ 36. Kf3 Qxa2 37. Qe5+ Kh7 38. Kg4 Qf7 39. f3 Qd7+ 40.
Kxg5 Qd2+ 41. f4 Qxh2 42. Qc7+ Kg8 43. f5 Qe2 44. Qb8+ Kf7 45. Qxa7+ Kf8 46.
Qb8+ Kf7 47. Qc7+ Kf8 48. Qd8+ Kf7 49. Qf6+ Ke8 50. Qe6+ Qxe6 51. fxe6 c4 52.
Kf6 b5 53. g4 1-0

[Event "50th World Juniors"]
[Site "Chennai IND"]
[Date "2011.08.05"]
[Round "4.57"]
[White "Karthikeyan, Murali"]
[Black "Shreyans, K. Shah"]
[Result "1/2-1/2"]
[WhiteElo "2122"]
[BlackElo "2203"]
[WhiteFideId "5074452"]
[BlackFideId "5029074"]
[EventDate "2011.08.02"]

1. e4 e6 2. d4 d5 3. exd5 exd5 4. Nf3 Nf6 5. Bd3 Bd6 6. O-O O-O 7. Bg5 Bg4 8.
Nbd2 Nbd7 9. c4 c6 10. Re1 Qc7 11. h3 Bh5 12. Qc2 dxc4 13. Bxc4 Rfe8 14. Nh4 Bf4
15. Qf5 Bxg5 16. Qxg5 Kf8 17. Nf1 Nb6 18. Bb3 Bg6 19. Ng3 Rxe1+ 20. Rxe1 Re8 21.
Rxe8+ Nxe8 22. Nxg6+ hxg6 23. Ne4 Qe7 24. Qf4 Nc8 25. Ng5 Ncd6 26. Qe5 Nf6 27.
Kh2 Ke8 28. f4 Kf8 29. a4 Ke8 30. Ba2 Kd7 31. Kg1 Nfe8 32. Kf1 f6 33. Qxe7+ Kxe7
34. Nf3 Nc7 35. Ke2 Nd5 36. Bxd5 cxd5 37. Kd3 Ne4 38. Nd2 Ng3 39. b4 Ke6 40. Ke3
Nf5+ 41. Kd3 Nh4 42. g3 Nf5 43. Nf1 Nd6 44. Nd2 Kf5 45. Ke3 b6 46. g4+ Ke6 47.
Kd3 Ke7 48. b5 Kd7 49. Nb1 Ne8 50. Nc3 Nc7 51. Ke3 Kd8 52. Kf3 Ne6 53. Ne2 Ke7
54. Ke3 Kd6 55. Kf3 Nc7 56. Nc3 a5 57. Ke3 Ke6 58. Kf2 Kd7 59. Ke3 Kd6 60. Kf3
Ne6 61. Ke3 Nd8 62. Ne2 Nf7 63. Nc3 Nd8 64. Kf3 Ne6 65. Ke3 g5 66. f5 Nf4 67.
Ne2 Nxh3 68. Kf3 Ke7 69. Kg3 Nf4 70. Nxf4 gxf4+ 71. Kxf4 Kf7 72. g5 Kg8 73. Kg4
Kh8 74. Kh5 Kh7 75. Kg4 Kg8 76. Kh4 Kh8 77. g6 1/2-1/2

[Event "50th World Juniors"]
[Site "Chennai IND"]
[Date "2011.08.05"]
[Round "4.58"]
[White "Abhilash, Reddy M.L."]
[Black "Manigandan, S S"]
[Result "1-0"]
[WhiteElo "2109"]
[BlackElo "2109"]
[WhiteFideId "5024668"]
[BlackFideId "5034981"]
[EventDate "2011.08.02"]

1. d4 Nf6 2. Nf3 c6 3. c4 a6 4. Bg5 c5 5. d5 h6 6. Bf4 d6 7. Nc3 e5 8. Bc1 Be7
9. e4 Nbd7 10. Be2 Nf8 11. h3 g5 12. Be3 Ng6 13. Qd2 Bd7 14. a4 g4 15. Ng1 h5
16. Bg5 Nh7 17. Be3 Nh4 18. Bf1 Ng5 19. O-O-O f5 20. hxg4 hxg4 21. exf5 Bxf5 22.
Nge2 Kd7 23. Ng3 Bg6 24. Qe2 Nf5 25. Rxh8 Qxh8 26. Qxg4 Qh4 27. Be2 Rf8 28. Rh1
Qxg4 29. Bxg4 Kc7 30. Bxf5 Bxf5 31. Nxf5 Rxf5 32. Rh5 Rf8 33. Bxg5 Rf5 34. Ne4
Bxg5+ 35. Rxg5 Rf4 36. f3 1-0

[Event "50th World Juniors"]
[Site "Chennai IND"]
[Date "2011.08.05"]
[Round "4.60"]
[White "Ghaledar, Faraz"]
[Black "Bryan-Vissi, Mark"]
[Result "1-0"]
[WhiteElo "2088"]
[BlackElo "1815"]
[WhiteFideId "12510378"]
[BlackFideId "5900638"]
[EventDate "2011.08.02"]

1. d4 Nf6 2. c4 e6 3. Nc3 Bb4 4. Qc2 O-O 5. e4 d5 6. e5 Ne4 7. Bd3 f5 8. exf6
Nxf6 9. Nf3 c5 10. a3 Ba5 11. Be3 Nc6 12. Rd1 cxd4 13. Nxd4 e5 14. Nxc6 bxc6 15.
b4 Bb6 16. Bxb6 Qxb6 17. cxd5 cxd5 18. Nxd5 Nxd5 19. Bxh7+ Kh8 20. Rxd5 Ba6 21.
Be4 Rac8 22. Rc5 Rxc5 23. Qxc5 Qxc5 24. bxc5 Rc8 25. c6 Bb5 26. Kd2 Bxc6 27.
Bxc6 Rxc6 28. Rc1 Ra6 29. Rc3 Rh6 30. Rh3 Rxh3 31. gxh3 Kh7 32. Ke3 Kg6 33. Ke4
Kf6 34. h4 Ke6 35. h5 a5 36. a4 Kf6 37. f4 1-0

[Event "50th World Juniors"]
[Site "Chennai IND"]
[Date "2011.08.05"]
[Round "4.62"]
[White "Sekar, B"]
[Black "Jaswant, G"]
[Result "0-1"]
[WhiteElo "2061"]
[BlackElo "2036"]
[WhiteFideId "5043743"]
[BlackFideId "5039401"]
[EventDate "2011.08.02"]

1. e4 c6 2. d4 d5 3. exd5 cxd5 4. c4 Nf6 5. Nc3 e6 6. Nf3 Bb4 7. cxd5 Nxd5 8.
Bd2 Nc6 9. Bd3 Be7 10. O-O O-O 11. Qe2 Nf6 12. Ne4 Qb6 13. a3 Rd8 14. Rfd1 Nxe4
15. Qxe4 f5 16. Qe2 Bf6 17. Bc3 Ne7 18. Qe1 Qc6 19. Rac1 Qe8 20. Ne5 Nd5 21. Bd2
Bd7 22. Bc4 Bc6 23. Nxc6 Qxc6 24. g3 Qd7 25. Bf4 Nxf4 26. gxf4 Re8 27. d5 exd5
28. Rxd5 Rxe1+ 29. Rxe1 Qxd5 30. Bxd5+ Kf8 31. b3 Re8 32. Rxe8+ Kxe8 33. Bxb7
Be7 34. a4 Bd6 35. Kf1 a5 36. Ke2 Bxf4 37. h3 Bd6 38. Kd3 Ke7 39. Kd4 Kf6 40.
Kd5 Bb4 41. f3 Kg5 42. Ke6 Kh4 43. Kxf5 Kxh3 44. Kg5 Bd2+ 45. Kf5 Kg3 46. Ke4 h5
47. Kd3 Bf4 48. Ke2 Kg2 0-1

[Event "50th World Juniors"]
[Site "Chennai IND"]
[Date "2011.08.06"]
[Round "5.1"]
[White "Rombaldoni, Axel"]
[Black "Salgado Lopez, Ivan"]
[Result "1-0"]
[WhiteTitle "IM"]
[BlackTitle "GM"]
[WhiteElo "2459"]
[BlackElo "2626"]
[WhiteFideId "815837"]
[BlackFideId "2257327"]
[EventDate "2011.08.02"]

1. e4 c5 2. Nf3 e6 3. d4 cxd4 4. Nxd4 Nf6 5. Nc3 d6 6. g4 a6 7. Bg2 Nc6 8. Nxc6
bxc6 9. e5 dxe5 10. Qxd8+ Kxd8 11. Bxc6 Rb8 12. g5 Nd7 13. b3 Kc7 14. Bg2 h6 15.
g6 f5 16. Bb2 h5 17. Rg1 Rh6 18. Bf1 Bc5 19. Na4 Bb4+ 20. Kd1 Bb7 21. a3 Bd6 22.
Bc3 Rf8 23. Ke1 h4 24. Rd1 Bf3 25. Be2 Bxe2 26. Kxe2 Rb8 27. Rd3 Nf6 28. Rgd1
Nd5 29. Bd2 Rxg6 30. c4 e4 31. Rd4 Nf4+ 32. Bxf4 Bxf4 33. Nc5 Ra8 34. b4 h3 35.
Rd7+ Kc6 36. Nb3 Bc7 37. Na5+ Kb6 38. R1d6+ 1-0